International Marketing (Record no. 7532)

MARC details
000 -LEADER
fixed length control field 00308nam a2200133Ia 4500
008 - FIXED-LENGTH DATA ELEMENTS--GENERAL INFORMATION
fixed length control field 191201s2011 xx 000 0 und d
100 ## - MAIN ENTRY--PERSONAL NAME
Personal name JOSHI,Rakesh mohan
245 #0 - TITLE STATEMENT
Title International Marketing
250 ## - EDITION STATEMENT
Edition statement IMP 5th
260 ## - PUBLICATION, DISTRIBUTION, ETC. (IMPRINT)
Date of publication, distribution, etc 2011
Name of publisher, distributor, etc Oxford
Place of publication, distribution, etc N. delhi
300 ## - PHYSICAL DESCRIPTION
Extent 750
650 ## - SUBJECT ADDED ENTRY--TOPICAL TERM
Topical term or geographic name as entry element MBA
942 ## - ADDED ENTRY ELEMENTS (KOHA)
Source of classification or shelving scheme Dewey Decimal Classification
Koha item type Book Bank
Holdings
Withdrawn status Lost status Source of classification or shelving scheme Damaged status Not for loan Collection code Home library Current library Date acquired Source of acquisition Cost, normal purchase price Bill Number Total Checkouts Acc. no. / Barcode Date last seen Bill Date Koha item type
    Dewey Decimal Classification     MBA PIET C-LIBRARY PIET C-LIBRARY 24/04/2012 IBH, New Delhi 435.00 598   BB8177 04/12/2019 24/04/2012 Book Bank
    Dewey Decimal Classification     MBA PIET C-LIBRARY PIET C-LIBRARY 24/04/2012 IBH, New Delhi 435.00 598   BB8178 04/12/2019 24/04/2012 Book Bank
    Dewey Decimal Classification     MBA PIET C-LIBRARY PIET C-LIBRARY 24/04/2012 IBH, New Delhi 435.00 598   BB8179 04/12/2019 24/04/2012 Book Bank
    Dewey Decimal Classification     MBA PIET C-LIBRARY PIET C-LIBRARY 24/04/2012 IBH, New Delhi 435.00 598   BB8180 04/12/2019 24/04/2012 Book Bank
    Dewey Decimal Classification     MBA PIET C-LIBRARY PIET C-LIBRARY 24/04/2012 IBH, New Delhi 435.00 598   BB8181 04/12/2019 24/04/2012 Book Bank

Design & Developed by: PIET Central Library
R70 Miles Stone Pattikalyana Samalkha Panipat 132102
mail ID :- [email protected], Phone No:- 0180-2569700 Ex.216